| 000 | 01297cam a2200361 a 4500 | ||
|---|---|---|---|
| 999 |
_c4182 _d4182 |
||
| 001 | 13295692 | ||
| 003 | GZU | ||
| 005 | 20210315084827.0 | ||
| 008 | 030730s2002 ne b 001 0 eng d | ||
| 010 | _a | ||
| 020 | _a9068327232 (KIT) | ||
| 020 | _a0855985011 (Oxfam) | ||
| 035 | _a(OCoLC)ocm51984686 | ||
| 040 |
_aOHX _beng _cOHX _dMIA _dDLC |
||
| 042 | _alccopycat | ||
| 050 | 0 | 0 |
_aHQ1240 _bNAT 2002 |
| 072 | 7 |
_aHQ _2lcco |
|
| 245 | 0 | 0 |
_aNatural resources management and gender : _ba global source book. |
| 260 |
_aAmsterdam : _bKoninklijk Instituut voor de Tropen, _c2002. |
||
| 300 |
_a136 p. ; _c24 cm. |
||
| 490 | 1 | _aCritical reviews and annotated bibliographies series. Gender, society & development | |
| 504 | _aIncludes bibliographical references (p. 79-126) and indexes. | ||
| 650 | 0 | _aWomen in development. | |
| 650 | 0 | _aWomen and the environment. | |
| 650 | 0 | _aEnvironmental management. | |
| 650 | 0 | _aSustainable development. | |
| 710 | 2 | _aKoninklijk Instituut voor de Tropen. | |
| 830 | 0 | _aGender, society & development. | |
| 906 |
_a7 _bcbc _ccopycat _d3 _encip _f20 _gy-gencatlg |
||
| 942 |
_2lcc _cBK _h1240 _iNAT _kHQ |
||